Iberoamérica, el mar territorial y la lucha por la soberanía / (Registro nro. 19537)

Detalles MARC
000 -LEADER
campo de control de longitud fija 00585nam a2200181 i 4500
001 - NÚMERO DE CONTROL
campo de control 19537
003 - IDENTIFICADOR DE NÚMERO DE CONTROL
campo de control ES-MaACL
005 - FECHA Y HORA DE LA ÚLTIMA TRANSACCIÓN
campo de control 20230906152122.0
007 - CAMPO FIJO DE DESCRIPCIÓN FÍSICA--INFORMACIÓN GENERAL
campo de control de longitud fija t|
008 - DATOS DE LONGITUD FIJA--INFORMACIÓN GENERAL
campo de control de longitud fija 021002s1972 sp ||||1| spa d
100 1# - ENTRADA PRINCIPAL--NOMBRE DE PERSONA
Nombre de persona Abadie Aicardi, Oscar,
9 (RLIN) 17953
245 10 - MENCIÓN DEL TÍTULO
Título Iberoamérica, el mar territorial y la lucha por la soberanía /
Mención de responsabilidad, etc. Oscar Abadie-Aicardi.
260 ## - PUBLICACIÓN, DISTRIBUCIÓN, ETC.
Lugar de publicación, distribución, etc. Madrid :
Nombre del editor, distribuidor, etc. [s.n.],
Fecha de publicación, distribución, etc. 1972.
300 ## - DESCRIPCIÓN FÍSICA
Extensión p. 83-148 ;
Dimensiones 24 cm.
500 ## - NOTA GENERAL
Nota general Separata de: Revista de la Política Internacional, julio-agosto, 1972.
852 ## - LOCALIZACIÓN
Ubicación ES-MaACL
Número de control de estantería 2083-F-14
Sublocalización o colección R.83799
Existencias
Estatus retirado Estado de pérdida Estado de daño No para préstamo Colección Biblioteca de origen Biblioteca actual Ubicación en estantería Fecha de adquisición Fuente de adquisición Total de préstamos Signatura topográfica completa Código de barras Visto por última vez Precio de reemplazo Tipo de ítem Koha
        Colección de folletos Biblioteca del Ateneo de Madrid Biblioteca del Ateneo de Madrid Depósito folletos 17/01/2008     2083-F-14 1019990 23/02/2023 23/02/2023 Folleto